000 00557nam a2200205 i 4500
001 187771
003 ES-MaACL
005 20230906223026.0
007 t|
008 180220s1932 it r ||||1| ita d
080 _a821.131.1-32"19"
100 1 _aPirandello, Luigi.
_992338
245 1 0 _aIn silenzio /
_cLuigi Pirandello.
260 _aMilano :
_bA. Mondadori,
_c1932.
300 _aVI, 326 p. ;
_c19 cm.
490 1 _aNovelle per un anno ;
_v6
830 0 _aNovelle per un anno ;
_v6
_9192821
852 _aES-MaACL
_jA-2215
999 _c187771
_d187771